| 000 | 00547 a2200157 4500 | ||
|---|---|---|---|
| 999 |
_c327301 _d327301 |
||
| 001 | 92228 | ||
| 003 | NUST | ||
| 005 | 20180120152155.0 | ||
| 008 | 180120b xxu||||| |||| 00| 0 eng d | ||
| 082 | _a658.787 VIA | ||
| 100 |
_aDavid Viale, J. _99270 |
||
| 245 |
_aBasics of Inventory Management; from warehouse to distribution center _cViale, J. David |
||
| 260 |
_aUSA _bDavid Vials _c1996 |
||
| 300 |
_aix, 126 p. _bHb |
||
| 490 | _aCrisp fifty minute series | ||
| 500 | _aDOS BS LOG textbook | ||
| 650 |
_aobjectives of inventory management; business environments affect inventory _cnecessory inventory levels _99271 |
||
| 942 |
_aCAE NUST _cBK _k658.787 VIA _2ddc |
||